MEKON <the> CD of participant's reviewed papers from 14th International conference MEKON 2012; february 1 - 2, 2012 Ostrava
Salvato in:
| Ente Autore: | |
|---|---|
| Natura: | Libro |
| Lingua: | inglese ceco |
| Pubblicazione: |
Ostrava
Faculty of Economics VŠB - Technical university of Ostrava
2012
|
| Soggetti: | |
| Tags: |
Nessun Tag, puoi essere il primo ad aggiungerne!!
|
MARC
| LEADER | 00000nlm a2200000 4500 | ||
|---|---|---|---|
| 001 | 0151015 | ||
| 005 | 20240109072923.7 | ||
| 020 | |a 978-80-248-2552-6 | ||
| 041 | 0 | |a eng | |
| 041 | 0 | |a cze | |
| 044 | |a CZ | ||
| 245 | 1 | 0 | |a MEKON |b <the> CD of participant's reviewed papers from 14th International conference MEKON 2012; february 1 - 2, 2012 Ostrava |
| 264 | 1 | |a Ostrava |b Faculty of Economics VŠB - Technical university of Ostrava |c 2012 | |
| 300 | |a CD-ROM [1000 s.] | ||
| 610 | 2 | 0 | |a ekonómia |
| 610 | 2 | 0 | |a veda ekonomická |
| 610 | 2 | 0 | |a hospodárstvo podnikové |
| 610 | 2 | 0 | |a právo hospodárske |
| 610 | 2 | 0 | |a marketing manažment |
| 610 | 2 | 0 | |a financie |
| 610 | 2 | 0 | |a účtovníctvo |
| 610 | 2 | 0 | |a správa verejná |
| 610 | 2 | 0 | |a ekonomika verejná |
| 610 | 2 | 0 | |a inžinierstvo systémové |
| 110 | 2 | |a MEKON. International conference | |